| 000 | 00874cam a2200253 a 4500 | ||
|---|---|---|---|
| 001 | 16254696 | ||
| 005 | 20180309074132.0 | ||
| 008 | 100527s2010 miua b 001 0 eng | ||
| 010 | _a 2010022520 | ||
| 020 | _a9780310330295 | ||
| 020 | _a0310330297 | ||
| 035 | _a(OCoLC)ocn555625189 | ||
| 040 |
_aDLC _cDLC _dBTCTA _dYDXCP _dC#P _dBWX _dSGB _dDLC |
||
| 041 | _aeng | ||
| 080 | _a320.01 GRU | ||
| 082 | 0 | 0 |
_a320.01 GRU _222 |
| 100 | 1 | _a20 | |
| 101 | _aPOL | ||
| 245 | 1 | 0 |
_aPolitics according to the Bible : _cWayne Grudem. |
| 504 | _aIncludes bibliographical references and indexes. | ||
| 906 |
_a7 _bcbc _corignew _d1 _eecip _f20 _gy-gencatlg |
||
| 942 |
_2ddc _cBK |
||
| 999 |
_c44591 _d44591 |
||